Thomas Chatterton:A Complect Poetical Works (Record no. 271)

MARC details
000 -LEADER
fixed length control field 00425nam a2200145Ia 4500
008 - FIXED-LENGTH DATA ELEMENTS--GENERAL INFORMATION
fixed length control field 211109s9999||||xx |||||||||||||| ||und||
082 ## - DEWEY DECIMAL CLASSIFICATION NUMBER
Classification number 821
Item number CHA-T
100 ## - MAIN ENTRY--PERSONAL NAME
Personal name Chatterton, Thomas
245 #0 - TITLE STATEMENT
Title Thomas Chatterton:A Complect Poetical Works
260 ## - PUBLICATION, DISTRIBUTION, ETC.
Name of publisher, distributor, etc. George Allen and Unwin Ltd
Place of publication, distribution, etc. London
Date of publication, distribution, etc. 2000
300 ## - PHYSICAL DESCRIPTION
Extent 222p.
630 ## - SUBJECT ADDED ENTRY--UNIFORM TITLE
General subdivision Reference Reading Room
650 ## - SUBJECT ADDED ENTRY--TOPICAL TERM
Topical term or geographic name entry element English Litertaure
942 ## - ADDED ENTRY ELEMENTS (KOHA)
Koha item type BOOK
650 ## - SUBJECT ADDED ENTRY--TOPICAL TERM
Form subdivision English Poetry
General subdivision English
Holdings
Withdrawn status Lost status Damaged status Not for loan Home library Current library Date acquired Cost, normal purchase price Total Checkouts Full call number Barcode Shelving location Date last seen Price effective from Koha item type
        SB LIBRARY SB LIBRARY 09/11/2021 50.00   821 CHA-T 00000266 REFERENCE READING ROOM 09/11/2021 09/11/2021 BOOK

Powered by Koha